000
00267nam a22001097a 4500
008
231010b |||||||| |||| 00| 0 eng d
100
_a
Chorptan, Frank
_9
5232
245
_a
Textbook of Dynamics
260
_a
London;
_b
E.L.B.Pub.;
_c
1969;
300
_a
263p
942
_c
BK
999
_c
39775
_d
39775